Property accounting for local and State school systems. (Record no. 34222)
[ view plain ]
| 000 -LEADER | |
|---|---|
| fixed length control field | 01199cam a22002771 4500 |
| 001 - CONTROL NUMBER | |
| control field | hew59000095 |
| 003 - CONTROL NUMBER IDENTIFIER | |
| control field | DLC |
| 005 - DATE AND TIME OF LATEST TRANSACTION | |
| control field | 20260227111510.0 |
| 008 - FIXED-LENGTH DATA ELEMENTS--GENERAL INFORMATION | |
| fixed length control field | 720330s1959 xx 000 0 eng |
| 010 ## - LIBRARY OF CONGRESS CONTROL NUMBER | |
| LC control number | hew59000095 |
| 035 ## - SYSTEM CONTROL NUMBER | |
| System control number | (OCoLC)273610 |
| 040 ## - CATALOGING SOURCE | |
| Original cataloging agency | DLC |
| Transcribing agency | ODaWU |
| Modifying agency | OCoLC |
| -- | DLC |
| 042 ## - AUTHENTICATION CODE | |
| Authentication code | premarc |
| 050 00 - LIBRARY OF CONGRESS CALL NUMBER | |
| Classification number | L111 |
| Item number | .A6 1959, no. 22 |
| 051 ## - LIBRARY OF CONGRESS COPY, ISSUE, OFFPRINT STATEMENT | |
| Classification number | L111 |
| Item number | .A78 no. 32 |
| 100 1# - MAIN ENTRY--PERSONAL NAME | |
| Personal name | Reason, Paul L., |
| Dates associated with a name | 1917- |
| Relator term | comp. |
| 245 10 - TITLE STATEMENT | |
| Title | Property accounting for local and State school systems. |
| 260 ## - PUBLICATION, DISTRIBUTION, ETC. | |
| Name of publisher, distributor, etc. | U.S. Dept. of Health, Education, and Welfare, Office of Education |
| Date of publication, distribution, etc. | [1959] |
| 300 ## - PHYSICAL DESCRIPTION | |
| Extent | 194 p. |
| 410 10 - SERIES STATEMENT/ADDED ENTRY--CORPORATE NAME [OBSOLETE, CAN/MARC], [LOCAL, USA] | |
| Corporate name or jurisdiction name as entry element | United States. |
| Subordinate unit | Office of Education. |
| Title of a work | Bulletin, 1959, |
| Volume number/sequential designation | no. 22 |
| 410 10 - SERIES STATEMENT/ADDED ENTRY--CORPORATE NAME [OBSOLETE, CAN/MARC], [LOCAL, USA] | |
| Corporate name or jurisdiction name as entry element | United States. |
| Subordinate unit | Office of Education. |
| Title of a work | State educational records and reports series, handbook |
| Volume number/sequential designation | no. 3 |
| 501 ## - WITH NOTE | |
| With note | Copies 1 and 2 of L111.A6 with: Financial accounting for school activities / Everett V. Samuelson. Washington : U.S. Dept. of Health, Education, and Welfare, Office of Education, 1959. Bound together subsequent to publication. |
| Institution to which field applies | DLC |
| 650 #0 - SUBJECT ADDED ENTRY--TOPICAL TERM | |
| Topical term or geographic name entry element | Schools |
| General subdivision | Accounting. |
| 650 #0 - SUBJECT ADDED ENTRY--TOPICAL TERM | |
| Topical term or geographic name entry element | Schools |
| General subdivision | Furniture, equipment, etc. |
| 700 1# - ADDED ENTRY--PERSONAL NAME | |
| Personal name | Tankard, George Granville, |
| Dates associated with a name | 1920- |
| Relator term | joint comp. |
No items available.